Q-dance top 10 | 2023 - Statistics

General Stats
  • This quiz has been taken 6 times
  • The average score is 6 of 10
Answer Stats
Artist Title % Correct
Showtek & Earl St. Clair Dear Hardstyle
100%
Aversion Activation
80%
Headhunterz & Vertile Lost Without You
80%
Rebelion & Vertile Numb
80%
Rebelion & Nolz Raw Resurgence
80%
The Purge & Adjuzt Summer Secrets
60%
D-Block & S-te-Fan & Headhunterz Keepers Of Our Legacy
40%
Sub Zero Project & Vertile We Ignite
40%
Rebelion DAS IST KEIN TECHNO
20%
Headhunterz The Flame Inside
20%
No matching quizzes found
Score Distribution
Percent of People with Each Score
Percentile by Number Answered
Your Score History
You have not taken this quiz